[Event "IV Festival A"]
[Site "Fano ITA"]
[Date "2015.08.03"]
[Round "2"]
[White "Mikalsen, Erlend"]
[Black "Rambaldi, Francesco"]
[WhiteElo "2350"]
[BlackElo "2517"]
[Result "0-1"]
[PlyCount "52"]
[EventDate "2015.08.01"]

1. e4 d6 2. d4 Nf6 3. Nc3 g6 4. Nf3 Bg7 5. Be2 O-O 6. O-O a6 7. Bg5 h6 8. Bh4
g5 9. Bg3 b5 10. Bd3 b4 11. e5 bxc3 12. exf6 exf6 13. bxc3 f5 14. h3 f4 15. Bh2
Nd7 16. g3 Nb6 17. gxf4 Bxh3 18. Re1 Bg4 19. fxg5 hxg5 20. Qe2 Qd7 21. Qe3 Rae8
22. Qxg5 Bxf3 23. Bf5 Qd8 24. Qf4 Bc6 25. Bg3 Rxe1+ 26. Rxe1 Re8 0-1

[Event "IV Festival A"]
[Site "Fano ITA"]
[Date "2015.08.03"]
[Round "2"]
[White "Vovk, Yuri"]
[Black "Moroni, Luca jr"]
[WhiteElo "2624"]
[BlackElo "2461"]
[Result "1-0"]
[PlyCount "87"]
[EventDate "2015.08.01"]

1. d4 d5 2. c4 c6 3. Nf3 Nf6 4. Nc3 a6 5. e3 e6 6. Qc2 c5 7. b3 Nc6 8. Be2 cxd4
9. exd4 dxc4 10. bxc4 Nxd4 11. Nxd4 Qxd4 12. O-O Qe5 13. Rb1 Qc7 14. Be3 Bc5
15. Bxc5 Qxc5 16. Na4 Qc7 17. Nb6 Rb8 18. Qa4+ Bd7 19. Qa3 Bc6 20. Bf3 Bxf3 21.
gxf3 Qe7 22. Qa4+ Kf8 23. Rfd1 g6 24. c5 Kg7 25. Rd6 Ne8 26. Qd4+ e5 27. Rd7
Qg5+ 28. Qg4 Qxg4+ 29. fxg4 Nf6 30. Rc7 Rhd8 31. g5 Ne4 32. h4 Nc3 33. Re1 Nd5
34. Nxd5 Rxd5 35. Rb1 Rdd8 36. Kg2 Kf8 37. Rb6 Ke8 38. Rf6 Rd7 39. Rxd7 Kxd7
40. Rxf7+ Kc6 41. Rxh7 Kxc5 42. Rg7 b5 43. Rxg6 a5 44. Ra6 1-0

[Event "IV Festival A"]
[Site "Fano ITA"]
[Date "2015.08.03"]
[Round "2"]
[White "Wieczorek, Oskar"]
[Black "Vovk, Andrey"]
[WhiteElo "2416"]
[BlackElo "2606"]
[Result "1-0"]
[PlyCount "63"]
[EventDate "2015.08.01"]

1. e4 c5 2. Nf3 d6 3. d4 cxd4 4. Nxd4 Nf6 5. Nc3 Nc6 6. Bg5 e6 7. Qd2 a6 8.
O-O-O Bd7 9. f4 b5 10. Bxf6 gxf6 11. Nxc6 Bxc6 12. f5 h5 13. Kb1 Qb6 14. fxe6
fxe6 15. Bd3 b4 16. Ne2 Bh6 17. Qe1 Qc5 18. Rf1 Ke7 19. g3 a5 20. Nf4 Bxf4 21.
gxf4 Rag8 22. e5 h4 23. exd6+ Kd7 24. Be4 Bb5 25. Rf2 h3 26. c4 bxc3 27. Rc2
Rc8 28. Rxc3 Qb4 29. a3 Qa4 30. Bd5 Rhe8 31. Rxc8 Kxc8 32. Qc3+ 1-0

[Event "IV Festival A"]
[Site "Fano ITA"]
[Date "2015.08.04"]
[Round "3"]
[White "Rambaldi, Francesco"]
[Black "Sadzikowski, Daniel"]
[WhiteElo "2517"]
[BlackElo "2480"]
[Result "0-1"]
[PlyCount "88"]
[EventDate "2015.08.01"]

1. d4 d5 2. c4 e6 3. Nc3 c6 4. e4 Bb4 5. a3 Bxc3+ 6. bxc3 dxe4 7. Qg4 Nf6 8.
Qxg7 Rg8 9. Qh6 c5 10. dxc5 Nbd7 11. Qe3 Qa5 12. Rb1 Qxc5 13. Qxc5 Nxc5 14. Be3
b6 15. Bxc5 bxc5 16. Ne2 Ba6 17. Ng3 Ke7 18. Be2 Rgd8 19. h4 h6 20. h5 Rab8 21.
O-O Kd6 22. Rbd1+ Kc7 23. f3 Rxd1 24. Rxd1 exf3 25. gxf3 Rb2 26. Bd3 Rb3 27.
Rc1 Rxa3 28. Kf2 Bb7 29. Ke3 a5 30. Ne2 Bc6 31. Rg1 Be8 32. Kd2 Rb3 33. Kc2 Rb8
34. f4 a4 35. Kd2 Kd6 36. Bc2 Bc6 37. Ng3 Rg8 38. Ke3 Ke7 39. Bd3 a3 40. Kf2
Rb8 41. Be2 Ne4+ 42. Nxe4 Bxe4 43. Rd1 Rb2 44. Ke3 a2 0-1

[Event "IV Festival A"]
[Site "Fano ITA"]
[Date "2015.08.04"]
[Round "3"]
[White "Teterev, Vitaly"]
[Black "Wieczorek, Oskar"]
[WhiteElo "2501"]
[BlackElo "2416"]
[Result "1/2-1/2"]
[PlyCount "74"]
[EventDate "2015.08.01"]

1. e4 c5 2. Nf3 e6 3. d3 Nc6 4. g3 d5 5. Nbd2 Bd6 6. Bg2 Nge7 7. O-O O-O 8. Re1
Qc7 9. a3 f6 10. exd5 exd5 11. c4 dxc4 12. Nxc4 Bg4 13. Qb3 Kh8 14. Nxd6 Qxd6
15. Qxb7 Qxd3 16. Be3 Rab8 17. Qc7 Bxf3 18. Bxf3 Rfc8 19. Qf4 Ne5 20. Be4 Qa6
21. Qh4 f5 22. Qxe7 Re8 23. Qxc5 fxe4 24. Red1 Qe6 25. Bf4 Nd3 26. Rxd3 Rbc8
27. Qd6 exd3 28. Qxd3 Qf6 29. Rb1 Red8 30. Qe3 a6 31. Be5 Qg6 32. Re1 Re8 33.
Qa7 Kg8 34. Qb7 Rc5 35. f4 Rb5 36. Qg2 Qb6+ 37. Kf1 Rd8 1/2-1/2

[Event "IV Festival A"]
[Site "Fano ITA"]
[Date "2015.08.04"]
[Round "3"]
[White "Turner, Matthew J."]
[Black "Vovk, Yuri"]
[WhiteElo "2480"]
[BlackElo "2624"]
[Result "1/2-1/2"]
[PlyCount "69"]
[EventDate "2015.08.01"]

1. d4 Nf6 2. Nf3 g6 3. c4 Bg7 4. g3 O-O 5. Bg2 d6 6. O-O Bf5 7. Nc3 Nc6 8. b3
e5 9. dxe5 dxe5 10. Ba3 Re8 11. Qxd8 Raxd8 12. Rad1 Nd4 13. Nxd4 exd4 14. Nb5
Bg4 15. Nxd4 Ne4 16. Nb5 Nd2 17. Rfe1 Rxe2 18. Bxb7 h5 19. Nxc7 Rd7 20. Rxe2
Bxe2 21. Re1 Nf3+ 22. Bxf3 Bxf3 23. Nd5 Bxd5 24. cxd5 Rxd5 25. Re8+ Kh7 26. Re7
Ra5 27. Bc1 Rxa2 28. Be3 a5 29. Rxf7 Kg8 30. Rb7 a4 31. bxa4 Rxa4 32. h3 Bd4
33. Kg2 Bxe3 34. fxe3 h4 35. gxh4 1/2-1/2

[Event "VII Festival A"]
[Site "Forio ITA"]
[Date "2015.07.25"]
[Round "1"]
[White "Calabrese, Claudio"]
[Black "Auletta, Angelo"]
[WhiteElo "2009"]
[BlackElo "2129"]
[Result "0-1"]
[PlyCount "74"]
[EventDate "2015.07.26"]

1. d4 Nf6 2. Nf3 e6 3. c4 Bb4+ 4. Bd2 Be7 5. Nc3 d5 6. cxd5 exd5 7. Bg5 O-O 8.
e3 c6 9. Bd3 Bg4 10. h3 Bh5 11. Qc2 Bxf3 12. gxf3 Nbd7 13. O-O-O c5 14. Bf5 h6
15. Bxf6 Nxf6 16. dxc5 Qa5 17. Kb1 Rfd8 18. Qb3 Qxc5 19. Rd4 g6 20. Bc2 Rd7 21.
Rhd1 Rad8 22. Qb5 Kg7 23. Ba4 Qc8 24. Qf1 Rd6 25. Bb3 Qf5+ 26. Qd3 Qxh3 27.
Nxd5 Nxd5 28. Rxd5 Qxf3 29. Rxd6 Rxd6 30. Bd5 Qxf2 31. e4 Bf6 32. Rd2 Qf4 33.
Qc2 Rb6 34. Bb3 Rc6 35. Qd3 Bg5 36. Qd5 Qf1+ 37. Rd1 Rc1+ 0-1

[Event "VII Festival A"]
[Site "Forio ITA"]
[Date "2015.07.25"]
[Round "1"]
[White "Delizia, Costantino"]
[Black "Hamperl, Fred"]
[WhiteElo "2111"]
[BlackElo "2080"]
[Result "1/2-1/2"]
[PlyCount "97"]
[EventDate "2015.07.26"]

1. e4 c5 2. c3 e6 3. d4 d5 4. e5 Nc6 5. Nf3 Qb6 6. a3 f6 7. Bd3 fxe5 8. dxe5
Nge7 9. O-O g6 10. b4 c4 11. Bc2 Bg7 12. Re1 O-O 13. Be3 Qc7 14. Bc5 Re8 15.
Bd6 Qd8 16. b5 Na5 17. Nd4 Nf5 18. Bxf5 gxf5 19. Qh5 Bf8 20. Bc7 Qxc7 21. Qxe8
Qf7 22. Qd8 b6 23. Re3 Nb7 24. Rg3+ Kh8 25. Qg5 Nc5 26. Nd2 Bd7 27. a4 a6 28.
Rb1 axb5 29. axb5 Nd3 30. Re3 Be7 31. Qh6 Rg8 32. Rxd3 cxd3 33. Qe3 Qg6 34. Qg3
Qxg3 35. hxg3 Ra8 36. Kf1 Kg7 37. N2b3 Rc8 38. Ra1 Kf7 39. Ra7 Ke8 40. Rb7 Rxc3
41. Rxb6 Bc5 42. Rb8+ Kf7 43. Ke1 Bb4 44. Kd1 Rc8 45. Rb7 Ke8 46. Nc1 Bc5 47.
Ncb3 Bxd4 48. Nxd4 Rc4 49. Nc6 1/2-1/2

[Event "VII Festival A"]
[Site "Forio ITA"]
[Date "2015.07.25"]
[Round "1"]
[White "Lamagna, Mario"]
[Black "Andreoli, Mark"]
[WhiteElo "1974"]
[BlackElo "1971"]
[Result "0-1"]
[PlyCount "66"]
[EventDate "2015.07.26"]

1. e4 c5 2. f4 Nc6 3. Nf3 g6 4. Bb5 Nd4 5. Nxd4 cxd4 6. O-O Bg7 7. d3 Nf6 8.
Nd2 a6 9. Bc4 d5 10. exd5 Nxd5 11. Ne4 O-O 12. Bxd5 Qxd5 13. Qf3 Qc6 14. Rf2
Be6 15. b3 Bd5 16. Qe2 Bxe4 17. Qxe4 Qxe4 18. dxe4 d3 19. e5 f6 20. Bb2 fxe5
21. Bxe5 Bxe5 22. fxe5 Rxf2 23. Kxf2 dxc2 24. Rc1 Rc8 25. Ke3 Kf7 26. Ke4 Ke6
27. Kd4 b6 28. b4 b5 29. a3 Rc4+ 30. Kd3 Kxe5 31. a4 Kd5 32. axb5 axb5 33. Kd2
e5 0-1

[Event "VII Festival A"]
[Site "Forio ITA"]
[Date "2015.07.25"]
[Round "1"]
[White "Tortora, Antonio"]
[Black "Volpinari, Danilo"]
[WhiteElo "1798"]
[BlackElo "2001"]
[Result "1/2-1/2"]
[PlyCount "60"]
[EventDate "2015.07.26"]

1. c4 c5 2. Nc3 Nc6 3. Nf3 e5 4. g3 g6 5. Bg2 Bg7 6. O-O Nge7 7. d3 O-O 8. a3
d6 9. Rb1 a5 10. Bd2 h6 11. Ne1 Be6 12. Nd5 Ra7 13. Nc2 f5 14. Bc3 a4 15. e3
Na5 16. f4 Nec6 17. Na1 Bd7 18. Qxa4 Kh7 19. Qd1 Ne7 20. Qd2 Nac6 21. Nc2 Nxd5
22. Bxd5 Ne7 23. Bg2 Qc7 24. Rf2 b5 25. Rbf1 bxc4 26. dxc4 e4 27. Rb1 Be6 28.
Bxg7 Kxg7 29. Bf1 Rb8 30. Qc3+ Kf7 1/2-1/2

[Event "VII Festival A"]
[Site "Forio ITA"]
[Date "2015.07.26"]
[Round "2"]
[White "Andreoli, Mark"]
[Black "Calabrese, Claudio"]
[WhiteElo "1971"]
[BlackElo "2009"]
[Result "0-1"]
[PlyCount "106"]
[EventDate "2015.07.26"]

1. e4 g6 2. d4 Bg7 3. Nf3 c6 4. Bd3 d5 5. e5 Nh6 6. Qe2 Bf5 7. O-O Bxd3 8. Qxd3
O-O 9. c4 dxc4 10. Qxc4 Na6 11. Nc3 Nc7 12. Re1 Qd7 13. Bg5 Nf5 14. Rad1 h6 15.
Bc1 e6 16. Ne4 Qd5 17. Qb4 Qb5 18. Qa3 Nd5 19. g4 Nfe7 20. g5 Nf5 21. gxh6 Bxh6
22. Nh4 Bxc1 23. Nxf5 exf5 24. Nd6 Qxb2 25. Qg3 Bf4 26. Qg2 Qc2 27. Rb1 b5 28.
Rb3 Kg7 29. Rh3 Rh8 30. Rxh8 Rxh8 31. h3 Qd3 32. f3 Qxd4+ 33. Kh1 Qd3 34. Rg1
Bxe5 35. Nxf7 Kxf7 36. Qxg6+ Ke7 37. Qg5+ Bf6 38. Re1+ Kd6 39. Qg3+ f4 40. Qg4
Ne3 41. Qxf4+ Be5 42. Qxe3 Qxe3 43. Rxe3 Rxh3+ 44. Kg2 Rh2+ 45. Kg1 Rxa2 46.
Re4 c5 47. f4 Bd4+ 48. Kh1 b4 49. f5 b3 50. f6 Rf2 51. f7 Rxf7 52. Re1 Kd5 53.
Rc1 b2 0-1

[Event "VII Festival A"]
[Site "Forio ITA"]
[Date "2015.07.26"]
[Round "2"]
[White "Hamperl, Fred"]
[Black "Lamagna, Mario"]
[WhiteElo "2080"]
[BlackElo "1974"]
[Result "1/2-1/2"]
[PlyCount "75"]
[EventDate "2015.07.26"]

1. e4 e5 2. d4 exd4 3. Qxd4 Nc6 4. Qd1 Nf6 5. Bd3 Bc5 6. Nc3 d6 7. Nf3 Bg4 8.
h3 Bh5 9. Bg5 h6 10. Bh4 g5 11. Bg3 Qe7 12. O-O O-O-O 13. Re1 Ne5 14. Be2 Bg6
15. Nd5 Nxd5 16. Qxd5 c6 17. Qb3 h5 18. Nxe5 dxe5 19. Bd3 h4 20. Bh2 Bh5 21.
Be2 Rd2 22. Bxh5 Rxh5 23. Qf3 Rh6 24. Re2 Rxe2 25. Qxe2 Rf6 26. Qg4+ Re6 27.
Rd1 f6 28. g3 hxg3 29. Bxg3 Kc7 30. Kg2 Rd6 31. h4 Rxd1 32. Qxd1 gxh4 33. Bxh4
Qg7+ 34. Kh3 Qg6 35. Qg4 Qh6 36. Qe6 Bxf2 37. Qe7+ Kb6 38. Qb4+ 1/2-1/2

[Event "VII Festival A"]
[Site "Forio ITA"]
[Date "2015.07.26"]
[Round "2"]
[White "Tortora, Antonio"]
[Black "Delizia, Costantino"]
[WhiteElo "1798"]
[BlackElo "2111"]
[Result "0-1"]
[PlyCount "116"]
[EventDate "2015.07.26"]

1. c4 Nf6 2. Nc3 e6 3. Nf3 d5 4. e3 Be7 5. d4 O-O 6. c5 b6 7. cxb6 axb6 8. Bd3
Nc6 9. O-O Nb4 10. Bb1 Ba6 11. Re1 c5 12. a3 Nc6 13. b3 Qc7 14. Bb2 Rfc8 15.
dxc5 bxc5 16. Bd3 c4 17. Bc2 cxb3 18. Bxb3 Rab8 19. Na4 Nd7 20. Rc1 Qb7 21. Ba2
Bb5 22. Rb1 Qa6 23. Bb3 Na5 24. Ba2 Nc4 25. Bxc4 Bxc4 26. Nc3 Bd3 27. Qd2 Bxb1
28. Nxb1 Qb5 29. Bd4 Qb3 30. h4 Bd6 31. g4 Nc5 32. Nc3 Qxa3 33. Qe2 Rb2 34. Qf1
Rb3 35. Nb5 Qa6 36. Nxd6 Qxd6 37. Rc1 f6 38. Qd1 Rb7 39. Bxc5 Rxc5 40. Rxc5
Qxc5 41. Qa4 Qb5 42. Qa8+ Rb8 43. Qa7 Qb1+ 44. Kg2 Qb7 45. Qc5 Rc8 46. Qd6 Qc6
47. Qb4 e5 48. g5 Qc4 49. Qb7 Qg4+ 50. Kh2 e4 51. Qxd5+ Kh8 52. Nd2 Qxh4+ 53.
Kg2 Qg4+ 54. Kh2 f5 55. Qe6 Qh4+ 56. Kg2 Qxg5+ 57. Kf1 Rc1+ 58. Ke2 Qg4+ 0-1

[Event "VII Festival A"]
[Site "Forio ITA"]
[Date "2015.07.26"]
[Round "2"]
[White "Volpinari, Danilo"]
[Black "Auletta, Angelo"]
[WhiteElo "2001"]
[BlackElo "2129"]
[Result "1-0"]
[PlyCount "67"]
[EventDate "2015.07.26"]

1. e4 c5 2. Nf3 d6 3. Nc3 a6 4. a4 Nc6 5. Bc4 Nf6 6. h3 e6 7. O-O Be7 8. d3 O-O
9. Re1 d5 10. Bb3 d4 11. Ne2 Na5 12. Ba2 b5 13. b4 Nc6 14. bxc5 Bxc5 15. axb5
axb5 16. Bb2 Bb7 17. Bb3 Qb6 18. Ng3 Rxa1 19. Qxa1 Rd8 20. Qc1 h6 21. Qf4 Ne7
22. Qc1 Ng6 23. Ne2 e5 24. Ng3 Bc8 25. Nf5 Be6 26. Bxe6 fxe6 27. Nxh6+ Kf8 28.
Qg5 Nd7 29. Qxg6 gxh6 30. Qxh6+ Ke7 31. Ng5 Qc6 32. Qg7+ Kd6 33. Nf7+ Kc7 34.
Nxd8 1-0

[Event "VII Festival A"]
[Site "Forio ITA"]
[Date "2015.07.27"]
[Round "3"]
[White "Calabrese, Claudio"]
[Black "Hamperl, Fred"]
[WhiteElo "2009"]
[BlackElo "2080"]
[Result "1/2-1/2"]
[PlyCount "72"]
[EventDate "2015.07.26"]

1. d4 Nf6 2. Nf3 c5 3. e3 g6 4. Bd3 Bg7 5. O-O d6 6. c3 O-O 7. Qe2 b6 8. Re1
Qc7 9. e4 Nbd7 10. Nbd2 Bb7 11. Nf1 Rac8 12. Bd2 e6 13. Ng3 Rfd8 14. h3 c4 15.
Bc2 Qc6 16. Rac1 Qb5 17. b4 a5 18. a4 Qc6 19. b5 Qc7 20. Bg5 h6 21. Be3 Nf8 22.
Qd2 g5 23. Nh2 Ng6 24. Ng4 Nxg4 25. hxg4 Rb8 26. Nh5 e5 27. d5 Bc8 28. f3 Nf4
29. Ng3 Kh7 30. Kf2 Bd7 31. Rh1 Rdc8 32. Kg1 Kg6 33. Nh5 f6 34. Ng3 Nd3 35. Ne2
Nf4 36. Ng3 Ne2+ 1/2-1/2

[Event "VII Festival A"]
[Site "Forio ITA"]
[Date "2015.07.27"]
[Round "3"]
[White "Delizia, Costantino"]
[Black "Volpinari, Danilo"]
[WhiteElo "2111"]
[BlackElo "2001"]
[Result "1/2-1/2"]
[PlyCount "100"]
[EventDate "2015.07.26"]

1. e4 c5 2. c3 g6 3. Nf3 Bg7 4. d4 cxd4 5. cxd4 d5 6. e5 Nc6 7. Bb5 Nh6 8. O-O
O-O 9. Bxc6 bxc6 10. Re1 f6 11. exf6 exf6 12. Nc3 Nf7 13. b3 Re8 14. Rxe8+ Qxe8
15. Ba3 Bf8 16. Bxf8 Qxf8 17. h3 Nd6 18. Qd2 Ne4 19. Qd3 Nxc3 20. Qxc3 Bd7 21.
Re1 Kf7 22. b4 Rb8 23. a3 Qd6 24. Qd2 Kg7 25. Re3 Rf8 26. Qe2 Kf7 27. Ne1 Bc8
28. Nf3 Rd8 29. Nd2 Bd7 30. Nb3 Rb8 31. Qa6 Qc7 32. Nc5 Rb6 33. Qe2 Qd6 34. g4
h6 35. Qf3 Rb8 36. Nd3 Kg7 37. Qe2 Kf7 38. Kg2 Rd8 39. Qf3 Kg7 40. Nc5 Rf8 41.
Qg3 Qxg3+ 42. Kxg3 Rf7 43. f4 h5 44. gxh5 gxh5 45. Kh4 Kg6 46. Nxd7 Rxd7 47.
Re6 Rc7 48. Re8 Kf5 49. Kg3 a5 50. bxa5 Ra7 1/2-1/2

[Event "VII Festival A"]
[Site "Forio ITA"]
[Date "2015.07.27"]
[Round "3"]
[White "Lamagna, Mario"]
[Black "Tortora, Antonio"]
[WhiteElo "1974"]
[BlackElo "1798"]
[Result "1-0"]
[PlyCount "37"]
[EventDate "2015.07.26"]

1. e4 d6 2. d4 Nf6 3. Nc3 e5 4. Nf3 Nbd7 5. Bc4 Be7 6. O-O O-O 7. Re1 c6 8. a4
a5 9. h3 exd4 10. Nxd4 Nc5 11. Ba2 Qc7 12. Bf4 Ne6 13. Bg3 Nxd4 14. Qxd4 Rd8
15. Rad1 Be6 16. Bxe6 fxe6 17. Qc4 Qc8 18. Rd2 Nxe4 19. Qxe4 1-0

[Event "VII Festival A"]
[Site "Forio ITA"]
[Date "2015.07.30"]
[Round "4"]
[White "Delizia, Costantino"]
[Black "Lamagna, Mario"]
[WhiteElo "2111"]
[BlackElo "1974"]
[Result "1-0"]
[PlyCount "133"]
[EventDate "2015.07.26"]

1. e4 e5 2. Nf3 Nc6 3. Bb5 a6 4. Ba4 Nf6 5. O-O Nxe4 6. d4 b5 7. Bb3 d5 8. dxe5
Be6 9. Nbd2 Nc5 10. c3 d4 11. Bxe6 Nxe6 12. cxd4 Nexd4 13. Ne4 Be7 14. Be3 Nf5
15. Qc2 O-O 16. Rad1 Nxe3 17. fxe3 Qc8 18. Nd4 Nxd4 19. exd4 Qe6 20. b3 c6 21.
Ng3 Rfd8 22. Nf5 Bf8 23. Qe4 g6 24. Ng3 Bg7 25. Rc1 Rac8 26. Rc5 Rd5 27. Rfc1
Rxc5 28. Rxc5 Bf8 29. Rc1 Be7 30. h3 a5 31. Ne2 Bg5 32. Rc2 f6 33. Rc5 fxe5 34.
dxe5 Qe7 35. Rc2 Re8 36. Nd4 Qxe5 37. Qxe5 Rxe5 38. Nxc6 Be3+ 39. Kf1 Rf5+ 40.
Ke1 Rc5 41. Rxc5 Bxc5 42. Ke2 Bb6 43. Kd3 Kf7 44. Nd4 b4 45. Nf3 Kf6 46. Ke4
Bc7 47. Nd4 h5 48. Nf3 g5 49. g4 hxg4 50. hxg4 Bd8 51. Kd5 Bc7 52. Kc5 Bd8 53.
Kd6 Be7+ 54. Kd5 Bd8 55. Nd4 Bb6 56. Nf3 Bc7 57. Nd2 Bf4 58. Ne4+ Ke7 59. Nc5
Bc7 60. Ne6 Bb8 61. Nxg5 Kf6 62. Ne4+ Kg6 63. Kc6 Ba7 64. Kb5 Bd4 65. Kxa5 Bc3
66. a4 bxa3+ 67. Nxc3 1-0

[Event "VII Festival A"]
[Site "Forio ITA"]
[Date "2015.07.30"]
[Round "4"]
[White "Hamperl, Fred"]
[Black "Auletta, Angelo"]
[WhiteElo "2080"]
[BlackElo "2129"]
[Result "0-1"]
[PlyCount "86"]
[EventDate "2015.07.26"]

1. e4 c5 2. Nc3 e6 3. f4 a6 4. Nf3 Nc6 5. d3 d5 6. Be2 b5 7. O-O b4 8. Na4 Nf6
9. e5 Nd7 10. Qe1 Qc7 11. c3 a5 12. Be3 Ba6 13. Qf2 bxc3 14. bxc3 Qa7 15. Rab1
Rc8 16. Rfc1 Be7 17. Kh1 O-O 18. Rc2 f6 19. d4 Bxe2 20. Qxe2 fxe5 21. fxe5 cxd4
22. Nxd4 Nxd4 23. Bxd4 Qc7 24. Qa6 Qc6 25. Qxc6 Rxc6 26. Rcb2 Nc5 27. Nb6 Ne4
28. g3 Ba3 29. Rb5 Nxc3 30. Bxc3 Rxc3 31. Rxa5 Rf2 32. Nd7 Kf7 33. Kg1 Rb2 34.
Rb5 Rcc2 35. Rb3 Rg2+ 36. Kh1 Rxh2+ 37. Kg1 Rhg2+ 38. Kh1 Rge2 39. Rb7 Kg6 40.
Rb6 Kf5 41. g4+ Kxg4 42. Rxe6 d4 43. Rg1+ Kh3 0-1

[Event "VII Festival A"]
[Site "Forio ITA"]
[Date "2015.07.30"]
[Round "4"]
[White "Tortora, Antonio"]
[Black "Calabrese, Claudio"]
[WhiteElo "1798"]
[BlackElo "2009"]
[Result "0-1"]
[PlyCount "82"]
[EventDate "2015.07.26"]

1. c4 e6 2. Nc3 d5 3. Nf3 Nf6 4. g3 Be7 5. Bg2 O-O 6. b3 b6 7. O-O Bb7 8. cxd5
Nxd5 9. Bb2 Nd7 10. d4 Rc8 11. Rc1 c5 12. dxc5 Nxc5 13. Nb5 a6 14. Nbd4 Bf6 15.
Nd2 b5 16. Ne4 Nxe4 17. Bxe4 Nc3 18. Bxh7+ Kxh7 19. Bxc3 Rxc3 20. Rxc3 Bxd4 21.
Rc7 Qxc7 22. Qxd4 Qc6 23. f3 Qd5 24. Qh4+ Kg8 25. Rc1 Qd2 26. Rf1 Qxe2 27. Qf4
Rc8 28. Rf2 Qd1+ 29. Rf1 Qc2 30. Rf2 Qc1+ 31. Qxc1 Rxc1+ 32. Kg2 Rc3 33. h4 Bd5
34. g4 a5 35. Kg3 a4 36. bxa4 bxa4 37. g5 Ra3 38. Kg4 Rxa2 39. Rf1 g6 40. Kf4
Ra3 41. Rf2 Rxf3+ 0-1

[Event "VII Festival A"]
[Site "Forio ITA"]
[Date "2015.07.30"]
[Round "4"]
[White "Volpinari, Danilo"]
[Black "Andreoli, Mark"]
[WhiteElo "2001"]
[BlackElo "1971"]
[Result "1-0"]
[PlyCount "67"]
[EventDate "2015.07.26"]

1. d4 c5 2. e3 e6 3. Nf3 d5 4. b3 cxd4 5. exd4 f5 6. Bd3 Nf6 7. O-O Bd6 8. Re1
O-O 9. Bb2 Nc6 10. a3 Ne4 11. c4 g5 12. Nbd2 g4 13. Bxe4 dxe4 14. Ne5 Qh4 15.
Nf1 Bxe5 16. dxe5 Rd8 17. Qc2 b6 18. Rad1 Bb7 19. Rd6 Rxd6 20. exd6 e5 21. Rd1
Rd8 22. b4 Qf6 23. c5 bxc5 24. bxc5 Ba6 25. Qa4 Bb7 26. Ne3 Qe6 27. Qb5 Rd7 28.
Bc3 f4 29. Nd5 Nd4 30. Qxd7 Qxd5 31. Qxg4+ Kh8 32. Bxd4 exd4 33. Qxf4 d3 34.
Qf8+ 1-0

[Event "VII Festival A"]
[Site "Forio ITA"]
[Date "2015.07.31"]
[Round "5"]
[White "Andreoli, Mark"]
[Black "Hamperl, Fred"]
[WhiteElo "1971"]
[BlackElo "2080"]
[Result "1/2-1/2"]
[PlyCount "139"]
[EventDate "2015.07.26"]

1. e4 c5 2. d4 cxd4 3. c3 dxc3 4. Nxc3 e6 5. Nf3 Nc6 6. Bc4 a6 7. O-O b5 8. Bb3
Nge7 9. Bg5 f6 10. Be3 Ng6 11. Nd4 Bb4 12. Qh5 Nxd4 13. Bxd4 Bxc3 14. Bxc3 O-O
15. f4 Qb6+ 16. Kh1 b4 17. f5 bxc3 18. fxg6 hxg6 19. Qxg6 cxb2 20. Rab1 Qd4 21.
Rbd1 Qe3 22. h4 Qh6 23. Qg4 Kh8 24. Rf3 Bb7 25. Rfd3 Bc6 26. Qe2 Bb5 27. Qxb2
Bxd3 28. Rxd3 Rac8 29. Qf2 Rc7 30. Qg3 Rfc8 31. Kh2 Rc5 32. Rxd7 Rg5 33. Qf2
Rg4 34. g3 Rxe4 35. Qg2 Qe3 36. Bc2 Rxc2 37. Qxc2 Qe2+ 38. Qxe2 Rxe2+ 39. Kh3
Rxa2 40. Kg4 Kh7 41. Kh5 Ra5+ 42. Kg4 Kg6 43. Kh3 Ra3 44. Kg4 Ra4+ 45. Kh3 f5
46. Kg2 Kf6 47. Kf3 Ra3+ 48. Kf2 a5 49. Ra7 a4 50. Rb7 Rb3 51. Ra7 a3 52. Kg2
Ke5 53. Rxg7 a2 54. Ra7 Rb2+ 55. Kh3 Kd4 56. h5 e5 57. h6 Rb1 58. Rxa2 Rb6 59.
Ra4+ Kc3 60. Rh4 Rb8 61. h7 Rh8 62. g4 fxg4+ 63. Kxg4 e4 64. Kf4 Kd4 65. Kf5
Rf8+ 66. Kg6 Ke3 67. h8=Q Rxh8 68. Rxh8 Kd3 69. Rh3+ Kd2 70. Kf5 1/2-1/2

[Event "VII Festival A"]
[Site "Forio ITA"]
[Date "2015.07.31"]
[Round "5"]
[White "Auletta, Angelo"]
[Black "Tortora, Antonio"]
[WhiteElo "2129"]
[BlackElo "1798"]
[Result "1-0"]
[PlyCount "59"]
[EventDate "2015.07.26"]

1. e4 d6 2. d4 Nf6 3. Nc3 e5 4. Nge2 Be7 5. h3 exd4 6. Nxd4 Nc6 7. Be3 Nxd4 8.
Qxd4 a6 9. O-O-O O-O 10. g4 Be6 11. Kb1 Nd7 12. Nd5 Nb6 13. Nxb6 c5 14. Qd2
Qxb6 15. f4 f6 16. f5 Bf7 17. h4 Rfd8 18. Bg2 Qc7 19. Bf3 b5 20. g5 Kh8 21. g6
Bg8 22. h5 Bf8 23. h6 Ra7 24. Rh3 Rd7 25. Rdh1 gxh6 26. Bxh6 Bxh6 27. Rxh6 b4
28. gxh7 Rxh7 29. Rxf6 Rxh1+ 30. Bxh1 1-0

[Event "VII Festival A"]
[Site "Forio ITA"]
[Date "2015.07.31"]
[Round "5"]
[White "Calabrese, Claudio"]
[Black "Delizia, Costantino"]
[WhiteElo "2009"]
[BlackElo "2111"]
[Result "1/2-1/2"]
[PlyCount "36"]
[EventDate "2015.07.26"]

1. d4 e6 2. c4 Nf6 3. Nf3 d5 4. Nc3 Be7 5. Bg5 O-O 6. e3 b6 7. cxd5 Nxd5 8.
Bxe7 Qxe7 9. Rc1 Bb7 10. Bd3 Rc8 11. O-O Nd7 12. Nxd5 exd5 13. Qa4 c5 14. Qa3
Qf6 15. Bb5 Bc6 16. Bxc6 Rxc6 17. dxc5 bxc5 18. Qc3 Rd8 1/2-1/2

[Event "VII Festival A"]
[Site "Forio ITA"]
[Date "2015.07.31"]
[Round "5"]
[White "Lamagna, Mario"]
[Black "Volpinari, Danilo"]
[WhiteElo "1974"]
[BlackElo "2001"]
[Result "1/2-1/2"]
[PlyCount "42"]
[EventDate "2015.07.26"]

1. e4 g6 2. d4 Bg7 3. c4 d6 4. Nc3 Nf6 5. f4 O-O 6. Nf3 c5 7. d5 Nbd7 8. Be2 a6
9. O-O Rb8 10. a4 Ne8 11. Qe1 Nc7 12. Bd3 e5 13. fxe5 Nxe5 14. Nxe5 Bxe5 15.
Bf4 f6 16. Bxe5 fxe5 17. Rxf8+ Kxf8 18. Qf2+ Kg7 19. Rf1 Qe7 20. Qg3 Bd7 21.
Be2 Rf8 1/2-1/2

[Event "VII Festival A"]
[Site "Forio ITA"]
[Date "2015.08.01"]
[Round "6"]
[White "Lamagna, Mario"]
[Black "Calabrese, Claudio"]
[WhiteElo "1974"]
[BlackElo "2009"]
[Result "1/2-1/2"]
[PlyCount "63"]
[EventDate "2015.07.26"]

1. e4 e6 2. d4 d5 3. Nc3 Nf6 4. e5 Nfd7 5. Nf3 a6 6. Bd3 c5 7. dxc5 Nxc5 8. O-O
Nc6 9. a3 Be7 10. Re1 Nxd3 11. Qxd3 Bd7 12. Bf4 Rc8 13. Rad1 Na5 14. Nd4 Nc4
15. Bc1 Qc7 16. Qg3 Bf8 17. Rd3 g6 18. Rf3 Bg7 19. Bf4 Qc5 20. Nb3 Qc6 21. Nd1
Qc7 22. Rc3 Qb8 23. Nd4 O-O 24. Qd3 b5 25. Bg3 Qa7 26. Nf3 a5 27. b4 axb4 28.
axb4 Rc7 29. Ne3 Rfc8 30. Nxc4 Rxc4 31. Rxc4 Rxc4 32. Qb3 1/2-1/2

[Event "VII Festival A"]
[Site "Forio ITA"]
[Date "2015.08.01"]
[Round "6"]
[White "Tortora, Antonio"]
[Black "Andreoli, Mark"]
[WhiteElo "1798"]
[BlackElo "1971"]
[Result "1/2-1/2"]
[PlyCount "86"]
[EventDate "2015.07.26"]

1. c4 e5 2. Nc3 f5 3. g3 Nf6 4. Bg2 c5 5. d3 Nc6 6. Bg5 Be7 7. e3 O-O 8. Nge2
d6 9. O-O Be6 10. a3 h6 11. Bxf6 Bxf6 12. Nd5 Qd7 13. Nec3 Ne7 14. Nxe7+ Bxe7
15. Nd5 Bxd5 16. Bxd5+ Kh8 17. f4 exf4 18. exf4 Bf6 19. Re1 Rfe8 20. Qd2 Rab8
21. Rab1 b5 22. b4 cxb4 23. axb4 Bd4+ 24. Kg2 g6 25. Rxe8+ Rxe8 26. Re1 a6 27.
Re2 Kg7 28. Qe1 Rxe2+ 29. Qxe2 Kf6 30. h3 h5 31. Qe1 Qe7 32. Qxe7+ Kxe7 33.
cxb5 axb5 34. Bc6 Bc3 35. Bxb5 Bxb4 36. Kf3 Bc5 37. g4 hxg4+ 38. hxg4 fxg4+ 39.
Kxg4 Kf6 40. Bc4 Be3 41. Bd5 Bc1 42. Be4 Bd2 43. Bd5 Bc1 1/2-1/2

[Event "VII Festival A"]
[Site "Forio ITA"]
[Date "2015.08.01"]
[Round "6"]
[White "Volpinari, Danilo"]
[Black "Hamperl, Fred"]
[WhiteElo "2001"]
[BlackElo "2080"]
[Result "0-1"]
[PlyCount "74"]
[EventDate "2015.07.26"]

1. b3 e5 2. Bb2 Nc6 3. e4 d6 4. Nf3 f5 5. d3 Nf6 6. Nc3 Be7 7. Qd2 O-O 8. Be2
Qe8 9. h3 Bd7 10. g3 a5 11. a4 Nd4 12. exf5 Nxe2 13. Qxe2 Bxf5 14. O-O-O Qc6
15. Nd2 Rae8 16. Qf3 Bd7 17. Qe2 Nd5 18. Nde4 Nb4 19. Kb1 d5 20. Nd2 d4 21.
Nce4 Qxc2+ 22. Ka1 Qxd3 23. Qh5 Bd6 24. Rhe1 Nc2+ 25. Ka2 Nxe1 26. Rxe1 Bb4 27.
Rd1 Bxd2 28. Nxd2 Rxf2 29. Nc4 Qf5 30. Qh4 Qxh3 31. Qg5 Qf5 32. Qh4 b5 33. axb5
Bxb5 34. Na3 Bd7 35. Qh1 Qf3 36. Qe1 Re2 37. Qg1 Rb8 0-1